Field engineering (Record no. 63016)

MARC details
000 -LEADER
fixed length control field 00767nam a2200181 a 4500
008 - FIXED-LENGTH DATA ELEMENTS--GENERAL INFORMATION
fixed length control field 120416s0000 ||||||||||||||||| || u
020 ## - INTERNATIONAL STANDARD BOOK NUMBER
International Standard Book Number 090303168x
050 ## - LIBRARY OF CONGRESS CALL NUMBER
Classification number TA 190 Lon
100 ## - MAIN ENTRY--PERSONAL NAME
Personal name Longland, F
245 10 - TITLE STATEMENT
Title Field engineering
246 ## -
-- an introduction to development work and construction in rural areas
260 ## - PUBLICATION, DISTRIBUTION, ETC.
Place of publication, distribution, etc. London
Name of publisher, distributor, etc. Intermediate Technology Pub
Date of publication, distribution, etc. 1983
300 ## - PHYSICAL DESCRIPTION
Extent xxii, 251p. : ill.
350 ## -
-- 0.00
700 ## - ADDED ENTRY--PERSONAL NAME
Personal name Stern, Peter H
995 ## -
-- ANNEX COLLECTION (Main Library)
-- 0.00
-- 723503
-- CBU-MAIN LIBRARY (Kitwe)
-- 1
-- 7.50
-- TA 190 Lon
-- AVAILABLE
-- 014585
-- Annex Low-Usage Collection
995 ## -
-- TEXTBOOKS (SBE)
-- 0.00
-- 5268
-- CBU-SCHOOL TEXTBOOK COLLECTIONS
-- 1
-- 0.00
-- SCHOOL TEXTBOOK
-- 1
-- AVAILABLE
-- Sep 3, 2009
-- 5268
-- School Collections
999 ## -
-- 63016
-- 63016
Holdings
Withdrawn status Lost status Source of classification or shelving scheme Damaged status Not for loan Permanent Location Current Location Shelving location Date acquired Total Checkouts Full call number Barcode Date last seen Price effective from Koha item type
          CBU-MAIN LIBRARY, KITWE. CBU-MAIN LIBRARY, KITWE.   12/24/2022   TA 190 Lon 014585 12/24/2022 12/24/2022 MONOGRAPH
          CBU-SCHOOL TEXT BOOK COLLECTION CBU-SCHOOL TEXT BOOK COLLECTION   12/24/2022   SCHOOL TEXTBOOK 5268 12/24/2022 12/24/2022 MONOGRAPH